Exchange rate regimes in an increasingly integrated world economy

Uložené v:
Podrobná bibliografia
Médium: Kniha
Jazyk:English
Vydavateľské údaje: Washington, D.C. IMF 2000
Edícia:Occasional paper 193
Predmet:
Tagy: Pridať tag
Žiadne tagy, Buďte prvý, kto otaguje tento záznam!

MARC

LEADER 00000nam$a2200000$$$4500
001 0014262
005 20240111124951.0
020 |a 1-55775-892-1 
041 0 |a eng 
044 |a US 
245 1 0 |a Exchange rate regimes in an increasingly integrated world economy 
264 1 |a Washington, D.C.  |b IMF  |c 2000 
300 |a vii, 61 s. 
490 1 |a Occasional paper  |v 193 
830 0 |a Occasional paper  |v 193 
610 2 0 |a kurz devízový 
610 2 0 |a devízy 
610 2 0 |a relácie výmenné 
610 2 0 |a hospodárstvo svetové